Nové odrody stolového hrozna zo slovenského šľachtenia

Bibliographic Details
Main Author: Teplan, Jozef (Author)
Format: Article
Language:Slovak
PhysicalDescription:Fotogr.
ISSN:1336-7684
Subjects:

MARC

LEADER 00000nab a2200000 ar4500
001 vtls009356671
003 SK-MaSNL
005 20260303044634.0
008 081104c2008 xo |||||||||||000 b|slo
015 |a SNBRB2008/11  |2 snkbucl 
038 |a SNKBUCL 
040 |a SNKBUCL  |b slo  |c SNKBUCL  |e AACR2 
041 0 |a slo 
044 |a xo  |c SK 
080 |a 634.86  |2 1997 
100 1 |a Teplan, Jozef  |4 aut  |9 1033967 
245 1 0 |a Nové odrody stolového hrozna zo slovenského šľachtenia  |c Jozef Teplan 
300 |b Fotogr. 
650 0 7 |a vinič hroznorodý  |2 snkbucl  |9 15944 
650 0 7 |a odrody poľnohospodárskych plodín  |2 snkbucl  |9 29318 
650 0 7 |a Helios (odroda viniča)  |2 snkbucl  |9 1033968 
650 0 7 |a Premier (odroda viniča)  |2 snkbucl  |9 1033969 
773 0 |t Sady a vinice  |g Roč. III, č. 4 (2008), s. 26  |x 1336-7684 
852 |a SNK  |b KIS3GCP 
999 |c 1701029  |d 1702959